| Tag |
First Indicator |
Second Indicator |
Subfields |
| LEADER |
00000nam a2200000 i 4500 |
| 001 |
in00004683921 |
| 006 |
m o d |
| 007 |
cr ||||||||||| |
| 008 |
170927s2018 nju ob 001 0 eng |
| 005 |
20260214233606.5 |
| 010 |
|
|
|a 2017046360
|
| 020 |
|
|
|a 9781119183969
|q (epub)
|
| 020 |
|
|
|a 1119183960
|
| 020 |
|
|
|a 9781119183976
|q (pdf)
|
| 020 |
|
|
|a 1119183979
|
| 020 |
|
|
|z 9781119181149 (cloth)
|
| 020 |
|
|
|a 9781119183952
|q (electronic bk.)
|
| 020 |
|
|
|a 1119183952
|q (electronic bk.)
|
| 035 |
|
|
|a wil6007436
|
| 035 |
|
|
|a (DLC)wil6007436
|
| 037 |
|
|
|a 9781119183969
|b Wiley
|
| 040 |
|
|
|a DLC
|b eng
|e rda
|c DLC
|d OCLCF
|d DG1
|d NLE
|d EBLCP
|d N$T
|d MERER
|d UPM
|d UKMGB
|d WYU
|d U3W
|d DLC
|
| 042 |
|
|
|a pcc
|
| 050 |
1 |
0 |
|a QH324.2
|b .I57 2018
|
| 072 |
|
7 |
|a NAT
|x 027000
|2 bisacsh
|
| 072 |
|
7 |
|a SCI
|x 008000
|2 bisacsh
|
| 072 |
|
7 |
|a SCI
|x 086000
|2 bisacsh
|
| 082 |
0 |
0 |
|a 570.285
|2 23
|
| 245 |
0 |
0 |
|a Integration of omics approaches and systems biology for clinical applications /
|c edited by Dr. Antonia Vlahou, Dr. Harald Mischak, Dr. Jerome Zoidakis, Dr. Fulvio Magni.
|
| 250 |
|
|
|a First edition.
|
| 264 |
|
1 |
|a Hoboken, NJ :
|b Wiley,
|c 2018.
|
| 300 |
|
|
|a 1 online resource.
|
| 336 |
|
|
|a text
|b txt
|2 rdacontent
|
| 337 |
|
|
|a computer
|b c
|2 rdamedia
|
| 338 |
|
|
|a online resource
|b cr
|2 rdacarrier
|
| 490 |
0 |
|
|a Wiley series on mass spectrometry
|
| 504 |
|
|
|a Includes bibliographical references and index.
|
| 588 |
|
|
|a Description based on print version record and CIP data provided by publisher.
|
| 505 |
0 |
|
|a Platforms for Molecular Data Acquisition and Analysis. Clinical Data Collection and Patient Phenotyping / Katerina Markoska, Goce Spasovski -- Biobanking, Ethics, and Relevant Legal Issues / Brigitte Lohff, Thomas Illig, Dieter Tröger -- Nephrogenetics and Nephrodiagnostics / Constantinos Deltas -- The Use of Transcriptomics in Clinical Applications / Daniel M Borràs, Bart Janssen -- miRNA Analysis / Theofilos Papadopoulos, Julie Klein, Jean-Loup Bascands, Joost P Schanstra -- Proteomics of Body Fluids / Szymon Filip, Jerome Zoidakis -- Peptidomics of Body Fluids / Prathibha Reddy, Claudia Pontillo, Joachim Jankowski, Harald Mischak -- Tissue Proteomics / Agnieszka Latosinska, Antonia Vlahou, Manousos Makridakis -- Tissue MALDI Imaging / Andrew Smith, Niccolò Mosele, Vincenzo L'Imperio, Fabio Pagni, Fulvio Magni -- Metabolomics of Body Fluids / Ryan B Gil, Silke Heinzmann -- Statistical Inference in High-Dimensional Omics Data / Eleni-Ioanna Delatola, Mohammed Dakna -- Epidemiological Applications in -Omics Approaches / Elena Critselis, Hiddo Lambers Heerspink -- Progressing Towards Systems Medicine. Introduction into the Concept of Systems Medicine / Stella Logotheti, Walter Kolch -- Knowledge Discovery and Data Mining / Magdalena Krochmal, Holger Husi -- -Omics and Clinical Data Integration / Gaia De Sanctis, Riccardo Colombo, Chiara Damiani, Elena Sacco, Marco Vanoni -- Generation of Molecular Models and Pathways / Amel Bekkar, Julien Dorier, Isaac Crespo, Anne Niknejad, Alan Bridge, Ioannis Xenarios -- Database Creation and Utility / Magdalena Krochmal, Katryna Cisek, Holger Husi -- Test Cases CKD and Bladder Carcinoma. Kidney Function, CKD Causes, and Histological Classification / Franco Ferrario, Fabio Pagni, Maddalena Bolognesi, Elena Ajello, Vincenzo L'Imperio, Cristina Masella, Giovambattista Capasso -- CKD / Alberto Ortiz -- Molecular Model for CKD / Marco Fernandes, Katryna Cisek, Holger Husi -- Application of Omics and Systems Medicine in Bladder Cancer / Maria Frantzi, Agnieszka Latosinska, Murat Akand, Axel S Merseburger.
|
| 650 |
|
0 |
|a Systems biology.
|
| 650 |
|
0 |
|a Molecular biology.
|
| 655 |
|
4 |
|a Electronic books.
|
| 700 |
1 |
|
|a Vlahou, Antonia,
|e editor.
|
| 700 |
1 |
|
|a Mischak, Harald,
|d 1961-
|e editor.
|
| 700 |
1 |
|
|a Zoidakis, Jerome,
|e editor.
|
| 700 |
1 |
|
|a Magni, Fulvio,
|d 1957-
|e editor.
|
| 776 |
0 |
8 |
|i Print version:
|t Integration of omics approaches and systems biology for clinical applications
|b First edition.
|d Hoboken, NJ : John Wiley & Sons, 2018
|z 9781119181149
|w (DLC) 2017039511
|
| 856 |
4 |
0 |
|u http://proxy.library.tamu.edu/login?url=https://onlinelibrary.wiley.com/book/10.1002/9781119183952
|z Connect to the full text of this electronic book
|t 0
|
| 955 |
|
|
|a Wiley EBA record
|
| 975 |
|
|
|p Wiley UBCM Full Collection 2026
|
| 999 |
f |
f |
|s 8e078202-7b72-447c-a69d-daf1995b6779
|i efb6a34a-9f7f-4c1d-9b13-8645d9f431e1
|t 0
|
| 952 |
f |
f |
|a Texas A&M University
|b College Station
|c Electronic Resources
|s evans_pda
|d Available Online
|t 0
|e QH324.2 .I57 2018
|h Library of Congress classification
|
| 998 |
f |
f |
|a QH324.2 .I57 2018
|t 0
|l Available Online
|